| 000 | 00761nam a2200217 i 4500 | ||
|---|---|---|---|
| 001 | 62676 | ||
| 003 | ES-MaACL | ||
| 005 | 20230906164718.0 | ||
| 007 | t| | ||
| 008 | 031124s1961 sp ||||1| spa d | ||
| 080 | _a821.134.2-31"15" | ||
| 100 | 1 |
_aFernández de Avellaneda, Alonso. _9149505 |
|
| 245 | 1 | 0 |
_aNuevas andanzas del ingenioso hidalgo Donquijote de la Mancha _b: (El "Quijote" apócrifo) / _cAlonso Fernández de Avellaneda ; edición revisada y anotada por Mercedes M. Villalta. |
| 260 |
_a[Barcelona] : _bIberia, _c1961 ( _fDiamante) |
||
| 300 |
_a334 p. ; _c18 cm. |
||
| 490 | 1 | _aObras maestras | |
| 700 | 1 |
_aVillalta, Mercedes M. _9114987 |
|
| 830 | 0 |
_aObras maestras _9181001 |
|
| 852 |
_aES-MaACL _jC-20171 _bR.48774 |
||
| 999 |
_c62676 _d62676 |
||